00277nam a2200097Ia 4500001000800000005001700008008004100025020001800066245007600084260001900160127589120260417160436.0260417s9999 xx 000 0 und d a9786257587167 0aHayvanlar Tehlikede! Onlara Nasıl Yardım Edebiliriz?cPavla Hanackova bKetebe Çocuk